Perspectivas del desarrollo regional y urbano

Guardado en:
Bibliografiske detaljer
Hovedforfatter: Zúñiga Chavarría, Eduardo
Format: Texto
Udgivet: San José: INVU
Tags: Tilføj Tag
Ingen Tags, Vær først til at tagge denne postø!

MARC

LEADER 00000 a a2200000 04500
001 17066
003
040
090 |a 007900  
100 |a Zúñiga Chavarría, Eduardo  
245 |a Perspectivas del desarrollo regional y urbano  
260 |a San José:   |b INVU  
300 |a 10 p.  
999 |c 12309  |d 12309